000 00580nam a2200205 a 4500
005 20140310183333.0
008 060828s19uu xx 00 eng d
020 _a1576101746
050 _aQA 76.6
_b.Ab272 1997
100 _aAbrash, Michael
245 _aMichael Abrash's graphics programming black book. /
250 _aSpecial ed.
260 _aNew York :
_bCoriolis Group Books,
_c1997.
300 _a1342 p. :
_bill. ;
_c24 cm.
521 _aIT
546 _aC7897
650 _aMicro computers
_xProgramming.
650 _aComputer grahics.
942 _cBK
_2lcc
_kFOR
999 _c21610
_d21610